000 00346nam a2200133Ia 4500
005 20251222143143.0
008 251222s9999||||xx |||||||||||||| ||spa||
020 _a84-88030-36-3
082 _a025.04/B24
100 _aBartolome Crespo, Donaciano
245 0 _aEstudios sobre tecnologías de la información
264 _bDykinson
942 _cLIB
999 _c12367
_d12367